[Event "Chessable Masters Play-In"]
[Site "chess.com INT"]
[Date "2024.01.31"]
[Round "8"]
[White "Nakamura,Hi"]
[Black "Martinez Alcantara,Jose Eduardo"]
[Result "1/2-1/2"]
[WhiteElo "2788"]
[BlackElo "2610"]

1.d4 Nf6 2.Bg5 e6 3.e4 h6 4.Bxf6 Qxf6 5.Nc3 Bb4 6.Qd3 d5 7.e5 Qg6 8.Qxg6 fxg6
9.a3 Ba5 10.Bd3 g5 11.h4 gxh4 12.Bg6+ Ke7 13.b4 Bb6 14.Rxh4 Nd7 15.Na4 Nf8
16.Bd3 Bd7 17.Nxb6 axb6 18.f4 Be8 19.Rg4 Rg8 20.Nh3 Bf7 21.Kd2 g6 22.Rh4 Rh8
23.Ng5 c5 24.c3 Be8 25.Nf3 cxb4 26.cxb4 Nd7 27.b5 Nf8 28.a4 h5 29.Kc3 g5
30.fxg5 Ng6 31.Rh2 Nf4 32.Bf1 Rc8+ 33.Kb3 Bg6 34.g3 Nd3 35.Nh4 Be4 36.Rd2 Nc1+
37.Kb2 Rhf8 38.Bg2 Nd3+ 39.Kb3 Rg8 40.Rad1 Rc4 41.Bxe4 Rb4+ 42.Kc3 dxe4 43.Rxd3 Rxa4
44.Re3 Rxg5 45.Kb3 Ra5 46.Kb4 Rg8 47.Rf1 Rga8 48.Ng6+ Kd7 49.Rf7+ Ke8 50.Rf8+ Kd7
51.Rxa8 Rxa8 52.Nf4 Rh8 53.d5 exd5 54.Kc3 h4 55.gxh4 Rxh4 56.Kd4 Rxf4 57.Kxd5 Rf1
58.Rh3 Rd1+ 59.Kxe4 Re1+ 60.Kd4 Rb1 61.Rh7+ Ke6 62.Rh6+ Kd7 63.Rd6+ Kc7 64.Kd5 Rxb5+
65.Ke6 Rb1 66.Ke7 b5 67.e6 b4 68.Rd4 Kc6 69.Re4 b3 70.Re3 b2 71.Re2 Kc5 72.Ke8 Kc4
73.e7 Kc3 74.Re3+ Kc4 75.Re2 Kc3 76.Re3+ Kc4 77.Re2  1/2-1/2

[Event "Chessable Masters Play-In"]
[Site "chess.com INT"]
[Date "2024.01.31"]
[Round "9"]
[White "Nakamura,Hi"]
[Black "Ter Sahakyan,S"]
[Result "1/2-1/2"]
[WhiteElo "2788"]
[BlackElo "2649"]

1.d4 Nf6 2.Bg5 d5 3.e3 c5 4.Bxf6 gxf6 5.dxc5 Nc6 6.a3 e6 7.b4 a5 8.Nd2 axb4
9.axb4 Rxa1 10.Qxa1 Nxb4 11.Qa4+ Nc6 12.Nb3 Bg7 13.Bb5 Bd7 14.Nf3 O-O 15.O-O f5
16.Nfd4 Qc7 17.f4 Rc8 18.Bxc6 Bxc6 19.Qa7 Be8 20.Rb1 Bf8 21.Kf2 Qe7 22.Qb6 Qc7
23.Qxc7 Rxc7 24.Ra1 Rc8 25.Ra7 Bxc5 26.Nxc5 Rxc5 27.Rxb7 Ba4 28.Rb2 Kg7 29.Ke2 Kf6
30.Kd2 Rc7 31.Rb8 Kg7 32.Ra8 Bd7 33.h3 f6 34.Ra6 Kf7 35.g3 Rb7 36.Ra8 h5
37.Rd8 Rc7 38.Rh8 Kg6 39.Rd8 Kf7 40.Ra8 Kg7 41.Ra5 Kf7 42.Nb3 Ke7 43.Kd3 Bc6
44.Kd4 Kd6 45.Ra6 Ke7 46.Rb6 Bd7 47.Nc5 Bc6 48.c3 Rc8 49.Ra6 Rc7 50.Rb6 Rc8
51.Na6 Bd7 52.Kd3 Rc4 53.Nb4 Rc5 54.Rb7 Rc8 55.Na6 Kd6 56.Rb6+ Ke7 57.Nb8 Be8
58.Rb7+ Kd6 59.Na6 Rc6 60.Nb4 Rc7 61.Rb8 Ke7 62.Ra8 Bb5+ 63.Kd2 Be8 64.Nc2 Rb7
65.Kc1 Rc7 66.Ra3 Bd7 67.Nd4 Rb7 68.Ra8 Kf7 69.Kc2 Rc7 70.Nb3 Ke7 71.Rh8 Ba4
72.Kb2 Bxb3 73.Kxb3 Kd6 74.Rg8 Rb7+ 75.Kc2 Ra7 76.Rg6 Ra2+ 77.Kd3 Rg2 78.h4 Ke7
79.Rg7+ Kd6 80.c4 dxc4+ 81.Kxc4 e5 82.fxe5+ Kxe5 83.Kd3 Ke6 84.Kd4 Rd2+ 85.Kc3 Rg2
86.Kd3 Ke5 87.Rh7 Rxg3 88.Rxh5 Ke6 89.Ke2 Rh3 90.Rh8 f4 91.e4 Ke5 92.h5 Kxe4
93.Re8+ Kf5 94.Kf2 Rxh5 95.Ra8 Rh2+ 96.Kf3 Rh3+ 97.Kf2 Rb3 98.Rf8 Rc3 99.Ra8 Rb3
100.Rf8 Rc3 101.Rh8 Rb3 102.Rd8 Rc3 103.Rb8 Rc2+ 104.Kf3 Rc3+ 105.Kg2 Rc2+
106.Kf3 Rc3+ 107.Kf2 Rc2+ 108.Kf3  1/2-1/2

[Event "Chessable Play-In Match D1"]
[Site "chess.com INT"]
[Date "2024.02.01"]
[Round "1.1"]
[White "Nakamura,Hi"]
[Black "Lazavik,Denis"]
[Result "0-1"]
[WhiteElo "2788"]
[BlackElo "2567"]

1.c4 Nf6 2.Nc3 e5 3.a3 d5 4.cxd5 Nxd5 5.Nf3 Nc6 6.e4 Nf4 7.d3 Bg4 8.h3 Bxf3
9.Qxf3 Nd4 10.Qd1 Bc5 11.g3 Nfe6 12.h4 Qf6 13.Bh3 Nb3 14.O-O Nxa1 15.Nd5 Qd8
16.Qh5 O-O 17.Bf5 g6 18.Qg4 Kh8 19.Bxe6 fxe6 20.Bg5 Qd7 21.Nf6 Qg7 22.Qxe6 Nc2
23.Kg2 Bd6 24.Ng4 Nd4 25.Qc4 h5 26.Nh2 Qf7 27.Qc1 Qe6 28.Be3 c5 29.Bxd4 cxd4
30.Qh6+ Kg8 31.Nf3 Be7 32.Nd2 Rf7 33.Nf3 Raf8 34.Ng1 Bxh4 35.f3 Be7 36.Nh3 Rh7
37.Qd2 Rc8 38.f4 Rf8 39.Kh2 h4 40.g4 exf4 41.Rf3 Qxg4 42.Qe2 Bd6 43.Nf2 Qe6
44.Qf1 Be5 45.Qg2 Rg7 46.Ng4 g5 47.Qh3 Re8 48.Kg2 Rc7 49.Rf2 Kg7 50.Qf3 Rec8
51.Kh3 Rc2 52.Rf1 Rc1 53.Rf2 R8c2  0-1

[Event "Chessable Play-In Match D1"]
[Site "chess.com INT"]
[Date "2024.02.01"]
[Round "1.2"]
[White "Lazavik,Denis"]
[Black "Nakamura,Hi"]
[Result "1-0"]
[WhiteElo "2567"]
[BlackElo "2788"]

1.d4 g6 2.c4 Bg7 3.Nf3 d6 4.Nc3 Bd7 5.g3 Qc8 6.Bg2 Bh3 7.O-O Nc6 8.e4 h5
9.Bxh3 Qxh3 10.d5 Nd8 11.Nb5 Qd7 12.Re1 e5 13.dxe6 Nxe6 14.e5 a6 15.Nc3 O-O-O
16.exd6 Qxd6 17.Qxd6 Rxd6 18.Ng5 Nd8 19.Nd5 Nf6 20.Bf4 Rxd5 21.cxd5 Nxd5
22.Be5 f6 23.Bd4 c5 24.Rac1 b6 25.Bxc5 bxc5 26.Rxc5+ Kb8 27.Rxd5 fxg5 28.Rxg5 Rh6
29.Re8 Bf6 30.Rd5 Kc7 31.Ra5 Kb6 32.Rd5 Kc7 33.Ra5 Nc6 34.Rxa6 Bd4 35.Re6 Bb6
36.b4  1-0

[Event "Chessable Masters Div 2 W"]
[Site "chess.com INT"]
[Date "2024.02.02"]
[Round "1.3"]
[White "Nakamura,Hi"]
[Black "Yu Yangyi"]
[Result "0-1"]
[WhiteElo "2788"]
[BlackElo "2720"]

1.d4 Nf6 2.c4 e6 3.Nc3 Bb4 4.Qc2 d6 5.a3 Bxc3+ 6.Qxc3 O-O 7.Bg5 h6 8.Bh4 Nc6
9.Nf3 g5 10.Bg3 Ne4 11.Qc2 f5 12.e3 Qf6 13.Bd3 Nxg3 14.fxg3 e5 15.d5 e4 16.dxc6 exd3
17.Qxd3 bxc6 18.O-O c5 19.b4 Bb7 20.Nd2 Rae8 21.Rab1 Bc6 22.b5 Bb7 23.a4 Re5
24.a5 Qe6 25.Rb3 Re8 26.Re1 d5 27.b6 cxb6 28.axb6 a6 29.Rc1 d4 30.Qe2 Rxe3
31.Rxe3 dxe3 32.Nf1 Qxb6 33.h4 Qc6 34.Rc3 Qxg2+ 35.Qxg2 Bxg2 36.Nxe3 Be4
37.hxg5 hxg5 38.Ra3 Re6 39.Ra5 Rc6 40.Nd1 Kf7 41.Nc3 Ke6 42.Na4 Kd6 43.Kf2 Bc2
44.Nb2 Rb6 45.Ra2  0-1

[Event "Chessable Masters Div 2 W"]
[Site "chess.com INT"]
[Date "2024.02.02"]
[Round "1.2"]
[White "Yu Yangyi"]
[Black "Nakamura,Hi"]
[Result "0-1"]
[WhiteElo "2720"]
[BlackElo "2788"]

1.e4 e5 2.Nf3 Nc6 3.Bc4 Nf6 4.d3 Bc5 5.O-O d6 6.c3 a6 7.Nbd2 Ba7 8.Bb3 O-O
9.Re1 Ng4 10.Re2 Kh8 11.Nf1 f5 12.Bg5 Qe8 13.exf5 Bxf5 14.Ng3 Qg6 15.Bc2 d5
16.Qd2 Nxf2 17.Be3 Bxe3 18.Rxe3 Ng4 19.Nh4 Qh6 20.Ngxf5 Rxf5 21.Nxf5 Qxh2+
22.Kf1 Rf8 23.d4 e4 24.Ke2 Rxf5  0-1

[Event "Chessable Masters Div 2 W"]
[Site "chess.com INT"]
[Date "2024.02.02"]
[Round "1.4"]
[White "Yu Yangyi"]
[Black "Nakamura,Hi"]
[Result "0-1"]
[WhiteElo "2720"]
[BlackElo "2788"]

1.e4 e5 2.Nf3 Nc6 3.Bc4 Nf6 4.d3 Bc5 5.O-O d6 6.c3 a6 7.Nbd2 Ba7 8.Re1 Ng4
9.Re2 O-O 10.h3 Nf6 11.Nf1 Na5 12.Bb3 Nxb3 13.axb3 h6 14.Ng3 Re8 15.b4 c6
16.Bd2 d5 17.exd5 Qxd5 18.Be3 Bb8 19.c4 Qd8 20.Qc2 Be6 21.Rae1 Nd7 22.Bd2 c5
23.Ne4 cxb4 24.Bxb4 a5 25.Ba3 Ra6 26.Qb3 Qc8 27.Nc3 Bxh3 28.Re3 Bg4 29.Nd2 Be6
30.Qa4 Nf6 31.Nde4 Nxe4 32.Nxe4 Bd7 33.Qd1 Rg6 34.Ng3 Ba7 35.c5 Bc6 36.Qh5 b5
37.b4 Rg5 38.Qe2 axb4 39.Bxb4 Qg4 40.Qxg4 Rxg4 41.Ne4 f5 42.f3 Rg6 43.Nd2 Rge6
44.Ra1 Bb8 45.Kf2 e4 46.dxe4 Bf4 47.Re2 fxe4 48.Nxe4 Bxe4 49.Rxe4 Rxe4 50.fxe4 Rxe4
51.Rb1 Rc4 52.Kf3 Bg5 53.Rb3 Be7 54.Bd2 Rxc5 55.Bb4 Rf5+ 56.Ke4 Rf7 57.Bd2 Rf2
58.Be3 Rxg2 59.Rxb5 Bf6 60.Rb7 Kh7 61.Kf3 Rb2 62.Rxb2 Bxb2 63.Kg4 g6 64.Bd2 Bf6
65.Be3 h5+ 66.Kh3 Kg7 67.Bd2 Kf7 68.Be3 Ke6 69.Bd2 Kf5 70.Be3 Ke4 71.Bd2 Kf3
72.Bc1 Be5 73.Bg5 Ke4 74.Kg2 Kf5 75.Bd8 Bf6 76.Bb6 g5 77.Be3 g4 78.Bf2 h4
79.Be1 h3+ 80.Kh2 Be5+ 81.Kh1 Ke4 82.Bh4 Kf3 83.Be1 Bd4 84.Bg3 Be3  0-1

[Event "Chessable Masters Div 2 W"]
[Site "chess.com INT"]
[Date "2024.02.03"]
[Round "2.2"]
[White "Nakamura,Hi"]
[Black "Artemiev,V"]
[Result "1/2-1/2"]
[WhiteElo "2788"]
[BlackElo "2711"]

1.e4 e5 2.Nf3 Nc6 3.Bb5 Nf6 4.O-O Nxe4 5.d4 Nd6 6.dxe5 Nxb5 7.a4 d6 8.axb5 Nxe5
9.Re1 Be7 10.Nxe5 dxe5 11.Qxd8+ Bxd8 12.Rxe5+ Be6 13.Nc3 O-O 14.Bf4 Bf6 15.Re4 Rfc8
16.Rea4 Bxc3 17.bxc3 c6 18.Rxa7 Rxa7 19.Rxa7 cxb5 20.Rxb7 Rxc3 21.Rxb5 Rxc2
22.Rb8+ Rc8 23.Rxc8+ Bxc8 24.Be3 f6 25.Bd2 Kf7 26.Bc1 g5 27.Bd2 Kg6 28.Bc1 h5
29.Bd2 Bb7 30.Bc1 Bc6 31.Bd2  1/2-1/2

[Event "Chessable Masters Div 2 W"]
[Site "chess.com INT"]
[Date "2024.02.03"]
[Round "2.1"]
[White "Artemiev,V"]
[Black "Nakamura,Hi"]
[Result "1/2-1/2"]
[WhiteElo "2711"]
[BlackElo "2788"]

1.Nf3 Nf6 2.c4 e6 3.g3 d5 4.Bg2 Be7 5.d4 O-O 6.Nc3 dxc4 7.Ne5 c5 8.dxc5 Qxd1+
9.Nxd1 Bxc5 10.O-O Nc6 11.Bxc6 bxc6 12.Be3 Bb6 13.Bxb6 axb6 14.Nc3 Nd5 15.Nxc6 Nxc3
16.bxc3 f6 17.Rfb1 Ra6 18.Rb4 e5 19.Ne7+ Kf7 20.Nd5 Be6 21.Rxb6 Ra7 22.Nb4 Ra3
23.Rc1 Rd8 24.f3 e4 25.Kf2 exf3 26.Kxf3 h5 27.Rc2 Bg4+ 28.Ke3 Bf5 29.Rc1 Bg4
30.Rc2 Bf5 31.Rc1 Bg4 32.Rc2  1/2-1/2

[Event "Chessable Masters Div 2 W"]
[Site "chess.com INT"]
[Date "2024.02.03"]
[Round "2.3"]
[White "Artemiev,V"]
[Black "Nakamura,Hi"]
[Result "1/2-1/2"]
[WhiteElo "2711"]
[BlackElo "2788"]

1.Nf3 Nf6 2.c4 e6 3.Nc3 d5 4.d4 dxc4 5.e3 c5 6.Bxc4 a6 7.a4 Nc6 8.O-O Qc7
9.Qe2 Bd6 10.dxc5 Bxc5 11.Bd2 b6 12.Bd3 Bb7 13.Ne4 Nxe4 14.Bxe4 Ne7 15.Ng5 Nd5
16.Bf3 a5 17.Rfc1 Qd7 18.Ne4 Be7 19.Nc3 O-O 20.Nxd5 Bxd5 21.Bc3 Rfc8 22.Rd1 Bxf3
23.Rxd7 Bxe2 24.Rxe7 b5 25.axb5 Bxb5 26.Rb7 Bc6 27.Rb6 a4 28.h3 Bd5 29.Rb4 Bb3
30.Rg4 g6 31.Bf6  1/2-1/2

[Event "Chessable Masters Div 2 W"]
[Site "chess.com INT"]
[Date "2024.02.03"]
[Round "2.4"]
[White "Nakamura,Hi"]
[Black "Artemiev,V"]
[Result "1/2-1/2"]
[WhiteElo "2788"]
[BlackElo "2711"]

1.e4 e5 2.Nf3 Nc6 3.Bb5 Nf6 4.O-O Nxe4 5.d4 Nd6 6.dxe5 Nxb5 7.a4 d6 8.axb5 Nxe5
9.Re1 Be7 10.Nxe5 dxe5 11.Qxd8+ Bxd8 12.Rxe5+ Be6 13.Nc3 O-O 14.Bf4 Bf6 15.Re4 Rfc8
16.Rea4 Bxc3 17.bxc3 c6 18.Rxa7 Rxa7 19.Rxa7 cxb5 20.Rxb7 Rxc3 21.Rxb5 Rxc2
22.Rb8+ Rc8 23.Rxc8+ Bxc8 24.Be3 f6 25.Bd2 Kf7 26.Bc1 g5 27.Bd2 Kg6 28.Be3 Bb7
29.Bc1 h5 30.Bd2 Kf5 31.Bc1 Bc6  1/2-1/2

[Event "Chessable Masters Div 2 W"]
[Site "chess.com INT"]
[Date "2024.02.03"]
[Round "2.5"]
[White "Nakamura,Hi"]
[Black "Artemiev,V"]
[Result "0-1"]
[WhiteElo "2788"]
[BlackElo "2711"]

1.e4 e5 2.Nf3 Nc6 3.d4 exd4 4.Nxd4 Bc5 5.Nxc6 Qf6 6.Be3 Bxe3 7.fxe3 bxc6
8.Qd4 c5 9.Qc3 Rb8 10.e5 Qh4+ 11.g3 Qe4 12.Rg1 Qb4 13.b3 Ne7 14.a3 Qxc3+
15.Nxc3 Ng6 16.Nb5 Nxe5 17.O-O-O Rb7 18.a4 a6 19.Na3 Rb8 20.Be2 d6 21.Kb2 Ke7
22.Rd2 Bg4 23.Bxa6 Nf3 24.Rgg2 Nxd2 25.Rxd2 Be6 26.Be2 d5 27.Kc3 c6 28.Rd1 Rhd8
29.Bd3 f5 30.Ra1 Kd6 31.Nb1 g5 32.Nd2 Ke5 33.Nf3+ Kf6 34.Rf1 h6 35.g4 f4
36.exf4 gxf4 37.h3 d4+ 38.Kd2 c4 39.bxc4 Rb4 40.Nh4 Bxc4 41.Rxf4+ Kg5 42.Ng2 Bxd3
43.Kxd3 Rxa4 44.Rf5+ Kg6 45.Nf4+ Kh7 46.Rf7+ Kg8 47.Rc7 Ra3+ 48.Ke4 Re3+
49.Kf5 Rf8+  0-1

[Event "Chessable Masters Div 2 L"]
[Site "chess.com INT"]
[Date "2024.02.04"]
[Round "2.3"]
[White "Mamedov,Rau"]
[Black "Nakamura,Hi"]
[Result "1-0"]
[WhiteElo "2651"]
[BlackElo "2788"]

1.e4 e5 2.Nf3 Nc6 3.Bb5 Nf6 4.Qe2 Bc5 5.c3 O-O 6.d3 d6 7.Nbd2 a6 8.Ba4 b5
9.Bc2 Bb6 10.Nf1 Ng4 11.Ne3 Nxe3 12.fxe3 f5 13.Bb3+ Kh8 14.Bd5 Qe8 15.h4 Rb8
16.h5 fxe4 17.Nh4 Ne7 18.Bxe4 Bf5 19.Bf3 Be6 20.e4 h6 21.g4 b4 22.g5 bxc3
23.bxc3 Ba5 24.Bd2 Rb2 25.Rc1 Kh7 26.gxh6 gxh6 27.Ng6 Rf6 28.Qe3 Ng8 29.Be2 Qf7
30.Rg1 Bb6 31.d4 Ba5 32.Qg3 exd4 33.e5 dxc3 34.Bxc3 Bxc3+ 35.Qxc3 Rxe2+ 36.Kxe2 Rf2+
37.Ke1 c5 38.exd6 Rf3 39.Qh8+  1-0

[Event "Chessable Masters Div 2 L"]
[Site "chess.com INT"]
[Date "2024.02.04"]
[Round "2.1"]
[White "Mamedov,Rau"]
[Black "Nakamura,Hi"]
[Result "1/2-1/2"]
[WhiteElo "2651"]
[BlackElo "2788"]

1.e4 e5 2.Nf3 Nc6 3.Bc4 Nf6 4.d3 Bc5 5.Nc3 h6 6.Be3 Bb6 7.a4 d6 8.Nd5 Be6
9.Nxb6 axb6 10.Bb5 O-O 11.Bxc6 bxc6 12.O-O c5 13.b3 Bg4 14.h3 Bh5 15.Kh2 d5
16.g4 Bg6 17.Nxe5 dxe4 18.Nxg6 fxg6 19.dxe4 Nxe4 20.Qxd8 Raxd8 21.a5 bxa5
22.Kg2 c4 23.Ra4 Nd2 24.Bxd2 Rxd2 25.Rxc4 Rf7 26.Rc5 g5 27.Kg3 Re7 28.h4 gxh4+
29.Kxh4 Ree2 30.Rxc7 Rxc2 31.Rxc2 Rxc2 32.f4  1/2-1/2

[Event "Bundesliga 2023-24"]
[Site "Viernheim GER"]
[Date "2024.02.23"]
[Round "9.4"]
[White "Bluebaum,M"]
[Black "Nakamura,Hi"]
[Result "1/2-1/2"]
[WhiteElo "2668"]
[BlackElo "2780"]

1.d4 d5 2.c4 e6 3.Nf3 a6 4.cxd5 exd5 5.Nc3 c6 6.Qc2 Nf6 7.Bg5 Be6 8.e3 h6
9.Bf4 c5 10.dxc5 Bxc5 11.Be2 Nc6 12.O-O Rc8 13.Rfd1 Qe7 14.Ne5 Bb4 15.Bf3 Bxc3
16.Qxc3 O-O 17.Nxc6 Rxc6 18.Qd2 Rfc8 19.Rac1 Ne4 20.Bxe4 Rxc1 21.Rxc1 Rxc1+
22.Qxc1 dxe4 23.a3  1/2-1/2

[Event "Bundesliga 2023-24"]
[Site "Viernheim GER"]
[Date "2024.02.24"]
[Round "10.4"]
[White "Nakamura,Hi"]
[Black "Anand,V"]
[Result "1/2-1/2"]
[WhiteElo "2780"]
[BlackElo "2754"]

1.e4 e5 2.Nf3 Nc6 3.Nc3 Nf6 4.d4 exd4 5.Nxd4 Bb4 6.Nxc6 bxc6 7.Bd3 O-O 8.O-O d5
9.exd5 cxd5 10.h3 c6 11.Qf3 Bd6 12.Re1 Nd7 13.Bf4 Nc5 14.Rad1 Rb8 15.b3 Qf6
16.Ne2 a5 17.Bxd6 Qxd6 18.c4 Nxd3 19.Qxd3 a4 20.bxa4 Ba6 21.Qc3 Qb4 22.cxd5 Bxe2
23.Qxb4 Rxb4 24.Rxe2 cxd5 25.Rxd5 Rxa4 26.Red2 h5 27.Kf1 Rfa8 28.Rd8+ Rxd8
29.Rxd8+ Kh7 30.Rd2 h4 31.Ke2 g5 32.Kd3 g4 33.hxg4 Rxg4 34.f3 Ra4 35.Kc3 h3
36.gxh3 Ra3+ 37.Kc4 Rxf3 38.Rd3 Rf1 39.a4 Ra1 40.Kb5 f5 41.Rd4 Rf1 42.a5 f4
43.Rb4 f3 44.Rb3 Kg6 45.a6 Kg5 46.Kb6 Kf4 47.h4 Ra1 48.Rb2 Kg4 49.Rb4+ Kg3
50.Rb3 Kg4 51.Rxf3 Kxf3 52.a7 Kg4 53.Kb7 Kxh4 54.a8=R Rxa8 55.Kxa8  1/2-1/2

[Event "Titled Tue 30th Apr Early"]
[Site "chess.com INT"]
[Date "2024.04.30"]
[Round "1"]
[White "Nakamura,Hi"]
[Black "Ternault,M"]
[Result "1-0"]
[WhiteElo "2789"]
[BlackElo "2304"]

1.d4 Nc6 2.d5 Ne5 3.f4 Ng6 4.e4 e6 5.Nf3 exd5 6.f5 Nh4 7.exd5 Nxf3+ 8.Qxf3 Bc5
9.Nc3 Nf6 10.Bg5 h6 11.Bxf6 Qxf6 12.O-O-O O-O 13.Ne4 Qb6 14.d6 Bxd6 15.Nxd6 cxd6
16.f6 Re8 17.Bc4 d5 18.Qxd5 Qe6 19.Rhe1 Qxe1 20.Qxf7+  1-0

[Event "Titled Tue 30th Apr Early"]
[Site "chess.com INT"]
[Date "2024.04.30"]
[Round "2"]
[White "Rozman,Levy"]
[Black "Nakamura,Hi"]
[Result "0-1"]
[WhiteElo "2322"]
[BlackElo "2789"]

1.e4 a6 2.d4 e6 3.Nf3 d5 4.exd5 Qxd5 5.c4 Qd8 6.Nc3 b6 7.g3 Bb7 8.Bg2 Nf6
9.O-O Be7 10.b3 O-O 11.Bb2 Nbd7 12.Qe2 Re8 13.Rad1 Qc8 14.Rfe1 Nf8 15.Bh3 Qb8
16.Ne5 c5 17.d5 exd5 18.Nxd5 Nxd5 19.cxd5 Bd6 20.Qh5 Qc7 21.Nc4 Ng6 22.f4 b5
23.Ne5 c4 24.bxc4 bxc4 25.Bg2 c3 26.Ba1 Nxe5 27.fxe5 Rxe5 28.Rxe5 Bxe5 29.d6 Qb6+
30.Kh1 c2 31.Rc1 Bxa1  0-1

[Event "Titled Tue 30th Apr Early"]
[Site "chess.com INT"]
[Date "2024.04.30"]
[Round "3"]
[White "Nakamura,Hi"]
[Black "Christiansen,Johan-Sebastian"]
[Result "1-0"]
[WhiteElo "2789"]
[BlackElo "2637"]

1.h4 e5 2.c4 Nc6 3.g3 Bc5 4.Nc3 d6 5.e3 a6 6.Bg2 Ba7 7.Nge2 h5 8.d4 Nf6 9.b3 Bf5
10.Bb2 Qd7 11.Nd5 Ne4 12.f3 Nf6 13.e4 Bg6 14.Nxf6+ gxf6 15.Bh3 Qd8 16.Qd2 b5
17.Rc1 bxc4 18.Rxc4 Ne7 19.O-O d5 20.exd5 Nxd5 21.Kh2 O-O 22.f4 exd4 23.f5 Bh7
24.Bxd4 Re8 25.Bxa7 Rxa7 26.Rd4 Qe7 27.Rxd5 Qxe2+ 28.Rf2 Qe7 29.Qc3 c6 30.Qxc6 Rc7
31.Qxa6 Rec8 32.Qd6 Qe3 33.Qf4 Qe1 34.Qd2 Qe4 35.Rd8+ Kg7 36.Rxc8 Rxc8 37.Bg2 Qb1
38.Qe2 Bxf5 39.Qf3 Rc5 40.Bh3 Bxh3 41.Qxf6+ Kh7 42.Qxf7+ Kh8 43.Qf8+ Kh7
44.Rf7+ Kg6 45.Rg7+ Kh6 46.Qh8+  1-0

[Event "Titled Tue 30th Apr Early"]
[Site "chess.com INT"]
[Date "2024.04.30"]
[Round "4"]
[White "Gokerkan,Cem Kaan"]
[Black "Nakamura,Hi"]
[Result "0-1"]
[WhiteElo "2512"]
[BlackElo "2789"]

1.e4 a6 2.d4 e6 3.Bd3 d5 4.e5 c5 5.c3 Bd7 6.Ne2 Bb5 7.O-O Bxd3 8.Qxd3 Ne7
9.Bg5 Qb6 10.Nd2 cxd4 11.Nxd4 Nec6 12.N2f3 Nd7 13.Bf4 Bc5 14.Nb3 Be7 15.Rfe1 O-O
16.h4 Rae8 17.h5 f6 18.exf6 Rxf6 19.Be3 Qc7 20.Nbd2 Nde5 21.Nxe5 Nxe5 22.Qd4 Bd6
23.Rad1 Ref8 24.c4 Nc6 25.Qg4 Qf7 26.cxd5 exd5 27.Nf3 h6 28.Re2 Rf5 29.Qg6 Qxg6
30.hxg6 Ne7 31.Nd4 R5f6 32.Red2 Rxg6 33.Ne2 Re6 34.Nc3 Bb4 35.Rd3 Bxc3 36.Rxc3 Rf7
37.Bc5 Ng6 38.Rxd5 Nf4 39.Rd8+ Kh7 40.Rf3 Ne2+ 41.Kf1 Rxf3 42.gxf3 Nf4 43.Be3 Ng6
44.Rd7 Re7 45.Rd6 Ne5 46.Ke2 Nc4 47.Rd8 Nxb2 48.Rc8 b5 49.f4 Nc4 50.Kf3 Rd7
51.Rc6 Rd6 52.Rc5 Nxe3 53.Kxe3 Re6+ 54.Kf3 Rd6 55.Ke3 Kg6 56.a4 bxa4 57.Ra5 h5
58.Rxa4 Kh6 59.Ra5 g6 60.Ke4 Re6+ 61.Kf3 Rb6 62.Kg3 Kg7 63.Kh4 Kf6 64.Kg3 Ke6
65.Rg5 Kd7 66.Ra5 Kc7 67.Rg5 Kb7 68.f5 gxf5 69.Rxf5 Rb5 70.Rf7+ Kb6 71.f4 a5
72.f5 a4 73.f6 Rf5 74.Rf8 Ka7 75.Rf7+ Ka6 76.Rf8 Kb6 77.f7 Kb7 78.Kh4 a3
79.Re8 Rxf7 80.Re3 Rf4+ 81.Kxh5 Ra4 82.Re1 a2 83.Ra1 Kc6 84.Kg5 Kd5 85.Kf5 Kc4
86.Rxa2 Rxa2  0-1

[Event "Titled Tue 30th Apr Early"]
[Site "chess.com INT"]
[Date "2024.04.30"]
[Round "5"]
[White "Nakamura,Hi"]
[Black "Dominguez Perez,L"]
[Result "1/2-1/2"]
[WhiteElo "2789"]
[BlackElo "2748"]

1.d4 Nf6 2.Bg5 d5 3.e3 c6 4.Nd2 Bf5 5.c4 e6 6.Qb3 Qb6 7.c5 Qc7 8.Bf4 Qc8
9.h3 h6 10.Rc1 Nbd7 11.Qa4 Be7 12.b4 a6 13.Ngf3 O-O 14.Qb3 Ne4 15.Nxe4 Bxe4
16.Nd2 Bg6 17.Bd3 Bxd3 18.Qxd3 Re8 19.O-O Bf6 20.e4 e5 21.Bg3 exd4 22.exd5 cxd5
23.Nb3 Ne5 24.Bxe5 Bxe5 25.a4 Bf6 26.Nxd4 Bxd4 27.Qxd4 Re4 28.Qxd5 Rxb4 29.Rb1 a5
30.Rfe1 Qc6 31.Qxc6 bxc6 32.Ra1 Rd8 33.Re7 Rd5 34.Ra7 Rxc5 35.Ra3 Rf5 36.g4 Rff4
37.Rxa5 g5 38.Kg2 Kg7 39.Ra6 c5 40.a5 Ra4 41.Rxa4 Rxa4 42.Ra7 Ra3 43.a6 c4
44.Kf1 Ra2 45.Ke1 c3 46.Rc7 Rxa6 47.Rxc3  1/2-1/2

[Event "Titled Tue 30th Apr Early"]
[Site "chess.com INT"]
[Date "2024.04.30"]
[Round "7"]
[White "Urazayev,Arystanbek"]
[Black "Nakamura,Hi"]
[Result "1/2-1/2"]
[WhiteElo "2471"]
[BlackElo "2789"]

1.e4 g6 2.d4 Bg7 3.Nc3 c6 4.h3 d5 5.Nf3 dxe4 6.Nxe4 Nf6 7.Bd3 Bf5 8.Nxf6+ exf6
9.Bxf5 Qa5+ 10.c3 Qxf5 11.O-O O-O 12.Re1 Nd7 13.Qb3 Nb6 14.a4 Qd5 15.Qxd5 Nxd5
16.Bd2 Rfd8 17.c4 Nc7 18.Ba5 b6 19.Bc3 Rd7 20.Re2 f5 21.Rae1 Ne6 22.Rd2 Rad8
23.Red1 Nc7 24.Kf1 h6 25.h4 f6 26.Re1 g5 27.h5 Kf7 28.Rde2 Ne8 29.Bb4 Nc7
30.Re7+ Kg8 31.Bd6 Na6 32.c5 bxc5 33.dxc5 Rxe7 34.Rxe7 Bf8 35.Rxa7 Nxc5 36.Bxf8 Kxf8
37.a5 Rd1+ 38.Ke2 Rb1 39.Ra8+ Kf7 40.Rb8 Ra1 41.Nd4 Rxa5 42.Nxf5 Nd7 43.Nxh6+ Kg7
44.Rb7 Kxh6 45.Rxd7 Rb5 46.g4 Rxb2+ 47.Kf3 Rb3+ 48.Kg2 c5 49.Rc7 Rb4 50.f3 Rc4
51.Rf7 Rf4 52.Rc7 c4 53.Kf2 Rd4 54.Ke3 Rf4 55.Ke2 f5 56.Rc6+ Kh7 57.gxf5 Rh4
58.Ke3 Kg7 59.h6+ Rxh6 60.Rxc4 Ra6 61.Kf2 Kf6 62.Rc5 Ra4 63.Kg3 Rb4 64.Rd5 Ra4
65.Rc5 Rb4 66.Rd5 Rc4 67.Rb5 Rd4 68.Ra5 Rd1 69.Rb5 Rg1+ 70.Kf2 Rc1 71.Kg3 Rc2
72.Ra5 Rb2 73.Rc5 Ra2 74.Rb5 Ra3 75.Rc5 Ra4 76.Rb5 Rf4 77.Rc5 Rxf5 78.Rxf5+ Kxf5
79.Kg2 Ke5 80.Kg3 Kf5 81.Kg2 Kf4 82.Kf2 g4 83.fxg4 Kg5 84.Kg3 Kg6 85.Kf4 Kf6
86.g5+ Kg6 87.Kg4 Kg7 88.Kf5 Kf7 89.g6+ Kg7 90.Kg5 Kg8 91.Kh6 Kh8 92.Kh5 Kg7
93.Kg5 Kg8 94.Kf5 Kg7 95.Ke6 Kxg6  1/2-1/2

[Event "Titled Tue 30th Apr Early"]
[Site "chess.com INT"]
[Date "2024.04.30"]
[Round "8"]
[White "Nakamura,Hi"]
[Black "Suyarov,Mukhammadzokhid"]
[Result "1-0"]
[WhiteElo "2789"]
[BlackElo "2405"]

1.d4 d5 2.Bg5 Nf6 3.e3 c5 4.Bxf6 gxf6 5.dxc5 e6 6.a3 Bxc5 7.Nd2 Nc6 8.Ngf3 Bd7
9.c4 dxc4 10.Bxc4 f5 11.O-O Qf6 12.b4 Bb6 13.Rc1 Rg8 14.Nb3 Rd8 15.Qe2 Ne5
16.b5 a6 17.a4 Nxc4 18.Qxc4 Rg4 19.Qe2 Rxa4 20.bxa6 bxa6 21.Qc2 Rc8 22.Qb1 Rxc1
23.Rxc1 Rb4 24.Qa2 a5 25.Nbd4 e5 26.Nc2 Rg4 27.Qb2 Bc7 28.Nce1 Rb4 29.Qa1 Bb8
30.Qxa5 Qb6 31.Qa1 f6 32.Nd3 Ra4 33.Qc3 e4 34.Nc5 exf3 35.Nxa4 Bxa4 36.Qc8+ Ke7
37.Qxf5 Bc6 38.Qxh7+ Ke6 39.gxf3 Be8 40.Rc8 Qb5 41.h4 Bd6 42.Kg2 Bf7 43.Qe4+ Be5
44.Ra8 Qc5 45.f4 Ke7 46.Kg3 Qc1 47.Ra7+ Kf8 48.Rxf7+ Kxf7 49.fxe5 fxe5 50.Qf5+ Kg8
51.Qg5+ Kf7 52.Qf5+ Kg8 53.Qxe5 Qg1+ 54.Kf3 Qd1+ 55.Kg2 Qa4 56.Qg5+ Kh7 57.Qf4 Qc6+
58.e4 Qg6+ 59.Kh2 Qb6 60.h5 Qb2 61.Qf7+ Kh8 62.Kg2 Qe2 63.Qf6+ Kh7 64.Qf5+ Kh8
65.h6 Kg8 66.Qg6+ Kf8 67.h7  1-0

[Event "Titled Tue 30th Apr Early"]
[Site "chess.com INT"]
[Date "2024.04.30"]
[Round "9"]
[White "Mitrabha,G"]
[Black "Nakamura,Hi"]
[Result "1-0"]
[WhiteElo "2537"]
[BlackElo "2789"]

1.Nf3 g6 2.c4 Bg7 3.g3 d6 4.Bg2 Bd7 5.Nc3 Qc8 6.h4 h6 7.d3 Bxc3+ 8.bxc3 f5
9.Rb1 c5 10.h5 gxh5 11.Ne5 Nc6 12.Nxd7 Qxd7 13.Qa4 O-O-O 14.Be3 e6 15.Rxh5 Rh7
16.Kd2 Kc7 17.Rhh1 b6 18.Bxc6 Qxc6 19.Qxa7+ Qb7 20.Qxb7+ Kxb7 21.Kc2 Ra8
22.Kb2 Kc6 23.Rh4 Rha7 24.Ra1 Rh7 25.a3 h5 26.Bg5 Ra6 27.Kb3 Ra8 28.Rah1 Rha7
29.Ra1 Rh7 30.f3 Raa7 31.Rah1 Rhb7 32.a4 d5 33.Rxh5 Rg7 34.Bf4 Ne7 35.Be5 Rg8
36.Rh7 Rd7 37.Rh8 Rxh8 38.Bxh8 Ng6 39.Bf6 Rf7 40.Bg5 Rg7 41.Rh6 dxc4+ 42.dxc4 Rg8
43.Bf6 Nf8 44.Be5 Ng6 45.Bf6 Nf8 46.Bh4 Ng6 47.Kc2 Kd6 48.Bg5 Kd7 49.Kd2 Ne5
50.Rh7+ Kc6 51.Bf4 Nxc4+ 52.Kd3 Nb2+ 53.Kc2 Nxa4 54.c4 b5 55.Kb3 bxc4+ 56.Kxc4 Nb6+
57.Kb3 Nd5 58.Be5 Ra8 59.Rh6 Kb5 60.Rxe6 c4+ 61.Kb2 Kb4 62.Rd6 Kb5 63.Rxd5+ Kc6
64.Rd6+ Kc5 65.Rd7 Kc6 66.Rd1 Re8 67.f4 Rg8 68.Kc3 Kc5 69.Bd6+ Kb5 70.Rd5+ Kc6
71.Kxc4 Rxg3 72.Be5 Re3 73.Rd6+ Kb7 74.Rd2 Kc6 75.Kd4 Ra3 76.e3 Kd7 77.Rc2 Ke6
78.Rc6+ Kd7 79.Rd6+ Ke7 80.Rb6 Ra5 81.Rc6 Ra4+ 82.Rc4 Ra5 83.e4 Ke6 84.Rc6+ Kd7
85.Rd6+ Ke7 86.exf5 Ra4+ 87.Ke3 Ra5 88.Ke4  1-0

[Event "Titled Tue 30th Apr Early"]
[Site "chess.com INT"]
[Date "2024.04.30"]
[Round "10"]
[White "Nakamura,Hi"]
[Black "Vardanyan,Aras"]
[Result "1-0"]
[WhiteElo "2789"]
[BlackElo "2330"]

1.h4 e5 2.c4 Nc6 3.Nc3 Nf6 4.g3 d5 5.cxd5 Nxd5 6.Bg2 Be6 7.Nf3 f6 8.d4 Nxc3
9.bxc3 e4 10.Ng1 f5 11.Nh3 Be7 12.Nf4 Bc4 13.f3 exf3 14.Bxf3 O-O 15.Qa4 Bf7
16.Rb1 Rb8 17.Ba3 Bd6 18.Bxd6 Qxd6 19.e3 Ne7 20.Kf2 c6 21.c4 Rfe8 22.Qb4 Qd7
23.a4 Nc8 24.c5 Ne7 25.Qd2 Nd5 26.Bxd5 Bxd5 27.Rhc1 Re4 28.Rb4 b6 29.Rcb1 h6
30.cxb6 axb6 31.Rxb6 Rxb6 32.Rxb6 Bf7 33.Rb8+ Kh7 34.Qb4 g5 35.hxg5 hxg5
36.Nh3 Kg6 37.Qb7 Qxb7 38.Rxb7 Be6 39.a5 Bd5 40.a6 Re8 41.a7 Ra8 42.Rc7 Kf6
43.Ke1 Bg2 44.Nf2 Ke6 45.Nd3 Kd6 46.Rg7 g4 47.Nc5 Bd5 48.Kd2 Rh8 49.Kc3 Be4
50.Rd7+  1-0